000 00671nam a2200241Ia 4500
005 20260430150212.0
008 008 250103s9999 xx 000 0 eng d
037 _aTheses
040 _aCRL
040 _beng
040 _ceng
041 _2eng
041 _aeng
084 _qCRL
100 _aReddy Ranjay Kumar Au.; Mohanty Biswajit Gu.
_91236781
245 4 _aThe Cultural Characteristics of the Contemporary Indian Middle Class
260 _c2020
300 _a200p.
650 _aPolitical Science
700 _aUniversity of Delhi. Faculty of Social Sciences. Department of Political Science
_9520505
942 _cTH
999 _c1849204
_d1849204